Legislatívne pravidlá a ich ochrana

Zameranie sa na pravidlá legislatívneho procesu v schvaľovacej etape, a to konkrétne pri rokovaní o návrhu zákona v národnej rade. Porušenie legislatívnych pravidiel ako zdroj sporu s ústavou. Vnútorná a vonkajšia ochrana daných pravidiel.

Guardado en:
Detalles Bibliográficos
Autor principal: Balog, Boris
Formato: Capítulo de libro
Lenguaje:eslovaco
Materias:
Etiquetas: Agregar Etiqueta
Sin Etiquetas, Sea el primero en etiquetar este registro!

MARC

LEADER 00000naa a2200000 4500
001 0269849
005 20201116102220.3
041 0 |a slo 
044 |a SK 
245 1 0 |a Legislatívne pravidlá a ich ochrana  |c Boris Balog 
520 |a Zameranie sa na pravidlá legislatívneho procesu v schvaľovacej etape, a to konkrétne pri rokovaní o návrhu zákona v národnej rade. Porušenie legislatívnych pravidiel ako zdroj sporu s ústavou. Vnútorná a vonkajšia ochrana daných pravidiel. 
610 2 0 |a legislatíva 
610 2 0 |a poriadok právny 
610 2 0 |a ústava 
610 2 0 |a súdy ústavné 
610 2 0 |a pravidlá legislatívne 
100 1 |a Balog, Boris